000 00968nam a2200301 i 4500
003 DO-SdBNP
005 20250228102644.0
007 ta
008 250225s1995 dr 001 0 spa d
040 _aDO-SdBNP
_bspa
_cBNPHU
_erda
041 _aspa
082 4 _a266.023
_bT173j 1995
_222
100 1 _aTardif, Emiliano,
_d1928-1999
_935030
_eautor
_4aut.
245 1 0 _aJesús está vivo /
_cEmiliano Tardif, José H. Prado Flores.
250 _aDecimoquinta edición
264 4 _aSanto Domingo, República Dominicana :
_bEdiciones MSC,
_c©1995.
300 _a153 páginas
_c22 cm.
336 _atexto
_btxt
_2rdacontent
337 _asin mediación
_bn
_2rdamedia
338 _avolumen
_bnc
_2rdacarrier
590 _aInventariado, 2025/ YL
650 4 _aEvangelización
_9476
650 4 _aMisiones
_xIglesia católica
_935031
650 4 _aVida cristiana
_9668
700 1 _aPrado Flores, José H
_910971
_eautor
_4aut.
910 _aYLockward
942 _2ddc
_cLBS1
999 _c58230
_d58230